000 002290000a22000970004500
100 1 _aHouston, Tom
245 1 0 _aLet's stay together
300 _aVol. 16, Núm 62 (1990), Páginas 8
773 0 _tWorld Evangelization
942 _cANA
999 _c57820
_d57820